Normal view
MARC view
Entry Personal Name
001 - CONTROL NUMBER
- control field: 37247
003 - CONTROL NUMBER IDENTIFIER
- control field: ARRUPE
005 - DATE AND TIME OF LATEST TRANSACTION
- control field: 20171025092028.0
008 - FIXED-LENGTH DATA ELEMENTS
- fixed length control field: 171025|| aca||aabn | a|a d
040 ## - CATALOGING SOURCE
- Original cataloging agency: ARRUPE
- Transcribing agency: ARRUPE
100 ## - HEADING--PERSONAL NAME
- Personal name: Bloom, Harold.
670 ## - SOURCE DATA FOUND
- Source citation: Work cat.: (ARRUPE)0: Achebe, Chinua 37245, Things fall apart /, 1958.